Sikshar samajtattwik vitti/ (Record no. 11868)

MARC details
000 -LEADER
fixed length control field 00642nam a22002177a 4500
005 - DATE AND TIME OF LATEST TRANSACTION
control field 20260515115028.0
008 - FIXED-LENGTH DATA ELEMENTS--GENERAL INFORMATION
fixed length control field 240828b |||||||| |||| 00| 0 eng d
020 ## - INTERNATIONAL STANDARD BOOK NUMBER
International Standard Book Number 9789358495584
040 ## - CATALOGING SOURCE
Original cataloging agency IN-DiNC
Transcribing agency IN-DiNC
041 ## - LANGUAGE CODE
Language code of sung or spoken text asm
082 ## - DEWEY DECIMAL CLASSIFICATION NUMBER
Classification number 370
Item number DEK
100 ## - MAIN ENTRY--PERSONAL NAME
Personal name Deka, Nabanita
Relator term author
245 ## - TITLE STATEMENT
Title Sikshar samajtattwik vitti/
Statement of responsibility, etc. by Nabanita Deka, Dibakar Dutta and Rima Rekha Buragohain
250 ## - EDITION STATEMENT
Edition statement 1st ed.
260 ## - PUBLICATION, DISTRIBUTION, ETC.
Place of publication, distribution, etc. Dibrugarh:
Name of publisher, distributor, etc. Banalata,
Date of publication, distribution, etc. 2024.
300 ## - PHYSICAL DESCRIPTION
Extent 343p.
650 ## - SUBJECT ADDED ENTRY--TOPICAL TERM
Topical term or geographic name entry element Sociological foundations of education
700 ## - ADDED ENTRY--PERSONAL NAME
Personal name Dutta, Dibakar
Relator term author
700 ## - ADDED ENTRY--PERSONAL NAME
Personal name Buragohain, Rima Rekha
Relator term author
942 ## - ADDED ENTRY ELEMENTS (KOHA)
Source of classification or shelving scheme Dewey Decimal Classification
Koha item type Books
Holdings
Withdrawn status Lost status Source of classification or shelving scheme Damaged status Not for loan Collection Home library Current library Shelving location Date acquired Cost, normal purchase price Total checkouts Full call number Barcode Date last seen Date last checked out Copy number Price effective from Koha item type
    Dewey Decimal Classification       Naharkatiya College Library Naharkatiya College Library General stacks 08/28/2024 390.00 8 370 DEK 30174 12/06/2025 10/16/2025 1 08/28/2024 Books
    Dewey Decimal Classification       Naharkatiya College Library Naharkatiya College Library General stacks 08/28/2024 390.00 2 370 DEK 30175 12/13/2024 11/19/2024 2 08/28/2024 Books
    Dewey Decimal Classification       Naharkatiya College Library Naharkatiya College Library General stacks 08/28/2024 390.00 4 370 DEK 30176 12/04/2025 10/13/2025 3 08/28/2024 Books
    Dewey Decimal Classification       Naharkatiya College Library Naharkatiya College Library General stacks 08/28/2024 390.00 9 370 DEK 30177 12/04/2025 11/19/2025 4 08/28/2024 Books
    Dewey Decimal Classification       Naharkatiya College Library Naharkatiya College Library General stacks 08/28/2024 390.00 6 370 DEK 30178 11/19/2025 11/10/2025 5 08/28/2024 Books